The social aspects of hospital planning in Louisiana (Record no. 38852)

MARC details
000 -LEADER
fixed length control field 01152cam a22002891 4500
001 - CONTROL NUMBER
control field med48000112
003 - CONTROL NUMBER IDENTIFIER
control field DLC
005 - DATE AND TIME OF LATEST TRANSACTION
control field 20260227111609.0
008 - FIXED-LENGTH DATA ELEMENTS--GENERAL INFORMATION
fixed length control field 790418s1947 lauab 000 0 eng
010 ## - LIBRARY OF CONGRESS CONTROL NUMBER
LC control number med48000112
035 ## - SYSTEM CONTROL NUMBER
System control number (OCoLC)4871250
040 ## - CATALOGING SOURCE
Original cataloging agency DLC
Transcribing agency LU
Modifying agency DLC
042 ## - AUTHENTICATION CODE
Authentication code premarc
043 ## - GEOGRAPHIC AREA CODE
Geographic area code n-us-la
050 00 - LIBRARY OF CONGRESS CALL NUMBER
Classification number RA981.L6
Item number H5
082 ## - DEWEY DECIMAL CLASSIFICATION NUMBER
Classification number 362.1
100 1# - MAIN ENTRY--PERSONAL NAME
Personal name Hitt, Homer Lee,
Dates associated with a name 1916-
245 04 - TITLE STATEMENT
Title The social aspects of hospital planning in Louisiana
Statement of responsibility, etc. [by] Homer L. Hitt and Alvin L. Bertrand, Dept. of Rural Sociology, Louisiana Agricultural Experiment Station.
260 ## - PUBLICATION, DISTRIBUTION, ETC.
Place of publication, distribution, etc. [Baton Rouge]
Name of publisher, distributor, etc. Pub. in cooperation with Health and Hospital Division, Off. of the Governor,
Date of publication, distribution, etc. 1947.
300 ## - PHYSICAL DESCRIPTION
Extent x, 105 p.
Other physical details illus., maps (1 fold.)
Dimensions 28 cm.
410 10 - SERIES STATEMENT/ADDED ENTRY--CORPORATE NAME [OBSOLETE, CAN/MARC], [LOCAL, USA]
Corporate name or jurisdiction name as entry element Louisiana.
Subordinate unit Office of the Governor.
-- Health and Hospital Division.
Title of a work Louisiana study series,
Volume number/sequential designation no. 1
650 #0 - SUBJECT ADDED ENTRY--TOPICAL TERM
Topical term or geographic name entry element Hospitals
Geographic subdivision Louisiana.
651 #0 - SUBJECT ADDED ENTRY--GEOGRAPHIC NAME
Geographic name Louisiana
General subdivision Social conditions.
651 #0 - SUBJECT ADDED ENTRY--GEOGRAPHIC NAME
Geographic name Louisiana
Form subdivision Statistics.
700 1# - ADDED ENTRY--PERSONAL NAME
Personal name Bertrand, Alvin Lee,
Dates associated with a name 1918-
Relator term joint author.
710 2# - ADDED ENTRY--CORPORATE NAME
Corporate name or jurisdiction name as entry element Louisiana State University (Baton Rouge, La.).
Subordinate unit Department of Rural Sociology.

No items available.

Powered by Koha